000
00307nam a22001337a 4500
008
180104b xxu||||| |||| 00| 0 eng d
020
_a
0863773370
041
_a
eng
080
_a
159.9
100
_a
48
101
_a
PSI
245
_a
THE NEUROPSYCHOLOGY OF SCHIZOPHRENIA
_c
DAVID.A.S
942
_2
udc
_c
BK
999
_c
39704
_d
39704